<?xml version="1.0" encoding="UTF-8"?>
<collection xmlns="http://www.loc.gov/MARC21/slim">
    <record>
        <controlfield tag="001">67352</controlfield>
        <controlfield tag="005">20180223094856.0</controlfield>
        <datafield tag="037" ind1=" " ind2=" ">
            <subfield code="a">GDOC-2016-30623</subfield>
        </datafield>
        <datafield tag="041" ind1=" " ind2=" ">
            <subfield code="a">spa</subfield>
        </datafield>
        <datafield tag="100" ind1=" " ind2=" ">
            <subfield code="0">(orcid)0000-0001-5545-7006</subfield>
            <subfield code="1">319587</subfield>
            <subfield code="a">Ortega Lapiedra, Raquel</subfield>
        </datafield>
        <datafield tag="245" ind1="0" ind2="0">
            <subfield code="9">30623</subfield>
            <subfield code="a">Dirección de recursos humanos</subfield>
        </datafield>
        <datafield tag="260" ind1=" " ind2=" ">
            <subfield code="a">Zaragoza</subfield>
            <subfield code="b">Universidad de Zaragoza</subfield>
            <subfield code="c">2016-2017</subfield>
        </datafield>
        <datafield tag="520" ind1=" " ind2=" ">
            <subfield code="a">Breve presentación de la asignatura
La asignatura Dirección de Recursos Humanos, tiene como principal objetivo iniciar a los alumnos en los conceptos básicos, instrumentos y decisiones de las políticas y prácticas de Recursos Humanos. Para ello, la asignatura se estructura en tres bloques: el primero de ellos orientado a entender los retos presentes y futuros de Recursos Humanos, el segundo se centra en desagregar las políticas básicas de Recursos Humanos en una organización y  por último se abordan la Tendencias más actuales en la Gestión de Recursos Humanos.</subfield>
            <subfield code="b"> </subfield>
        </datafield>
        <datafield tag="521" ind1=" " ind2=" ">
            <subfield code="9">154</subfield>
            <subfield code="a">PCEO Grado en Derecho / Grado en Administración y Dirección de Empresas</subfield>
        </datafield>
        <datafield tag="540" ind1=" " ind2=" ">
            <subfield code="a">by-nc-sa</subfield>
            <subfield code="b">Creative Commons</subfield>
            <subfield code="c">3.0</subfield>
            <subfield code="u">http://creativecommons.org/licenses/by-nc-sa/3.0/</subfield>
        </datafield>
        <datafield tag="700" ind1=" " ind2=" ">
            <subfield code="0">(orcid)0000-0001-6754-2777</subfield>
            <subfield code="1">320977</subfield>
            <subfield code="a">Bernal Cuenca, Estrella</subfield>
        </datafield>
        <datafield tag="700" ind1=" " ind2=" ">
            <subfield code="0">(orcid)0000-0002-8922-4013</subfield>
            <subfield code="1">324323</subfield>
            <subfield code="a">Bernad Morcate, Cristina</subfield>
        </datafield>
        <datafield tag="830" ind1=" " ind2=" ">
            <subfield code="9">432</subfield>
        </datafield>
        <datafield tag="856" ind1="4" ind2=" ">
            <subfield code="s">17634</subfield>
            <subfield code="u">http://zaguan.unizar.es/record/67352/files/guia-30623-es.pdf</subfield>
            <subfield code="y">Guía (idioma español)</subfield>
        </datafield>
        <datafield tag="856" ind1="4" ind2=" ">
            <subfield code="s">6276</subfield>
            <subfield code="u">http://zaguan.unizar.es/record/67352/files/guia-30623-en.pdf</subfield>
            <subfield code="y">Guide (english)</subfield>
        </datafield>
        <datafield tag="970" ind1=" " ind2=" ">
            <subfield code="a">GDOC-2016-30623</subfield>
        </datafield>
        <datafield tag="980" ind1=" " ind2=" ">
            <subfield code="a">GDOC</subfield>
            <subfield code="b">Ciencias sociales y jurídicas</subfield>
            <subfield code="c">102</subfield>
        </datafield>
        <datafield tag="980" ind1=" " ind2=" ">
            <subfield code="a">GDOC</subfield>
            <subfield code="b">Ciencias sociales y jurídicas</subfield>
            <subfield code="c">109</subfield>
        </datafield>
    </record>

    
</collection>